Normal view
MARC view
- Ríos Saloma, Martín Federico
Entry Nombre Personal
001 - NUMERO DE CONTROL
- campo de control: 38174
003 - IDENTIFICADOR DE NUMERO DE CONTROL
- campo de control: UPN
005 - FECHA Y HORA DE LA ÜLTIMA TRANSACCIÓN
- campo de control: 20210219194533.0
008 - DATOS DE LONGITUD FIJA
- campo de control de longitud fija: nabaccnnaabn|||||||||| b |nc|||||d
035 ## - NUMERO DE CONTROL
- Número de control: UPN11000010281
040 ## - FUENTE DE CATALOGACIÓN
- Lenguaje de catalogación: SPA
- Agencia de transcripción: UPN
100 1# - ENCABEZAMIENTO - NOMBRE PERSONAL
- Nombre personal: Ríos Saloma, Martín Federico
670 ## - FUENTE EN LA QUE SE LOCALIZARON DATOS
- Cita de la fuente: LC/P
680 ## - NOTA PUBLICA DE ACCESO PÚBLICO
- Frase explicativa de la referencia: Licenciado en Historia por la Facultad de Filosofía y Letras de la Universidad Nacional Autónoma de México (UNAM). Obtuvo el Diploma de Estudios Avanzados (dea/Máster II) en el Departamento de Historia Medieval de la Universidad Complutense de Madrid, España, en donde también realizó el Doctorado en Sociedad, Poder y Cultura en la Edad Media Hispánica y Europea
902 ## - CATALOGADOR
- Catalogador: MITM/040216
